Tax help offered (Record no. 69805)
[ view plain ]
| 000 -LEADER | |
|---|---|
| fixed length control field | 01040cam a2200229 4500 |
| 001 - CONTROL NUMBER | |
| control field | WB3811-15 |
| 008 - FIXED-LENGTH DATA ELEMENTS--GENERAL INFORMATION | |
| fixed length control field | 020319n2002 000 0 eng u |
| 035 ## - SYSTEM CONTROL NUMBER | |
| System control number | (Sirsi) u117167 |
| 245 ## - TITLE STATEMENT | |
| Title | Tax help offered |
| 260 ## - PUBLICATION, DISTRIBUTION, ETC. | |
| Date of publication, distribution, etc. | 2002 |
| 490 ## - SERIES STATEMENT | |
| Series statement | Estates Gazette |
| Volume/sequential designation | (0211) 16 March 2002, 34(1) |
| 520 ## - SUMMARY, ETC. | |
| Summary, etc. | Landlords of buildings that contain asbestos will benefit from substantial tax relief following confirmation from the Inland Revenue that the removal or treatment of asbestos in buildings will qualify for contaminated land tax relief. The tax relief only applies to companies rather than individuals or partnerships and landlords must be able to prove that the land was contaminated when they acquired it. http://www.inlandrevenue.gov.uk |
| 590 ## - LOCAL NOTE (RLIN) | |
| Local note | WB |
| 650 ## - SUBJECT ADDED ENTRY--TOPICAL TERM | |
| Topical term or geographic name entry element | MANAGEMENT-HEALTH AND SAFETY-HAZARDOUS SUBSTANCES-ASBESTOS |
| 650 ## - SUBJECT ADDED ENTRY--TOPICAL TERM | |
| Topical term or geographic name entry element | LANDLORDS |
| 650 ## - SUBJECT ADDED ENTRY--TOPICAL TERM | |
| Topical term or geographic name entry element | Contamination |
| 9 (RLIN) | 6231 |
| 650 ## - SUBJECT ADDED ENTRY--TOPICAL TERM | |
| Topical term or geographic name entry element | CONTAMINATED LAND |
| 650 ## - SUBJECT ADDED ENTRY--TOPICAL TERM | |
| Topical term or geographic name entry element | TAX RELIEF |
| 650 ## - SUBJECT ADDED ENTRY--TOPICAL TERM | |
| Topical term or geographic name entry element | INLAND REVENUE |
| 690 ## - LOCAL SUBJECT ADDED ENTRY--TOPICAL TERM (OCLC, RLIN) | |
| Topical term or geographic name as entry element | HEALTH AND SAFETY |
| 9 (RLIN) | 6244 |
| 942 ## - ADDED ENTRY ELEMENTS (KOHA) | |
| Suppress in OPAC | 0 |
| Withdrawn status | Lost status | Source of classification or shelving scheme | Damaged status | Not for loan | Home library | Current library | Shelving location | Date acquired | Total Checkouts | Full call number | Barcode | Date last seen | Copy number | Price effective from | Koha item type |
|---|---|---|---|---|---|---|---|---|---|---|---|---|---|---|---|
| Dewey Decimal Classification | London | London | News article | 19/03/2002 | WB3811-15 | 117167-1001 | 06/08/2019 | 1 | 06/08/2019 | News article |